هذيل في جاهليتها واسلامها
| Main Author: | |
|---|---|
| Format: | Book |
| Published: |
Tunis
Dar al-`Arabiyah lil-Kitab
1982
|
| Subjects: |
MARC
| LEADER | 00000cam a2200000 7i4500 | ||
|---|---|---|---|
| 001 | 0000000212 | ||
| 008 | 021118s1982 | ||
| 090 | 0 | 0 | |a DS38 |b .T3 |
| 100 | 0 | |a طيب, عبد الجواد |e author | |
| 245 | 1 | 0 | |a هذيل في جاهليتها واسلامها |c عبد الجواد الطيب |
| 260 | 2 | |a Tunis |b Dar al-`Arabiyah lil-Kitab |c 1982 | |
| 300 | |a 198 p. |c 21 cm | ||
| 650 | 0 | |a Hudhayl tribe |x History | |
| 651 | 0 | |a Arabian Peninsula |x History | |
| 745 | 0 | 3 | |a Hudhayl fi jahiliyatiha wa-Islamiha |
| 999 | |a 1000041958 |b Book |c OPEN SHELF (30 DAYS) |e Gong Badak Campus | ||